| 000 | 00432nam a2200193Ia 4500 | ||
|---|---|---|---|
| 003 | 0100 | ||
| 008 | 130303s9999 xx 000 0 und d | ||
| 040 | _cARRUPELIB | ||
| 050 | _aBL2400.M35 1970 | ||
| 100 | _aMbiti, John S | ||
| 245 | _aConcepts of God in Africa | ||
| 260 | _aNew York | ||
| 260 | _bPraegar Publishers | ||
| 260 | _C1970 | ||
| 300 | _axv | ||
| 300 | _b 348p. 22cm. | ||
| 650 | _aRELIGION | ||
| 942 | 0 | 0 | _017 |
| 999 |
_c33459 _d33459 |
||